000 00653nam a2200217Ia 4500
005 20260429112008.0
008 260429s9999||||xx |||||||||||||| ||und||
020 _a9781032482316
041 _aEnglish
082 _a378
_bKIT
100 _aKitchener, Mary
245 0 _aField guide to working in higher education :
_btransitioning from professional practice to academia /
_cMary Kitchener
250 _a1st ed.
260 _aNew Delhi :
_bRoutledge,
_c2025.
300 _axix, 286 p.; pbk
650 _a Academic careers
650 _a Professional development
650 _a University teaching
650 _aHigher education
942 _cTB
999 _c51800
_d51800